The TRAVEL of Marco Polo [

Bibliographic Details
Format: Book
Published: Malaysia : Far East Pictures , 19_
Subjects:

MARC

LEADER 00000cam a2200000 7i4500
001 0000000331
002 000000406
005 20000330.0
090 0 0 |a JF   |b TRA 
245 0 4 |a The TRAVEL of Marco Polo [  |h videorecording] 
260 |a Malaysia :   |b Far East Pictures ,   |c 19_ 
300 |a 1 videocassette VHS (46:00 min) :   |b Col.(PAL) 
650 0 0 |a Children fiction   |x cartoons and caricatures 
999 |a PV0051   |b VIDEO   |c JUNIOR REFERENCE   |e PERPUSTAKAAN KOMUNITI PETALING JAYA